| 000 | 00371nam a22001217a 4500 | ||
|---|---|---|---|
| 082 | _a200 THE | ||
| 100 |
_aRAJA AMER AZIM _970284 |
||
| 245 | _aTH-SOF-1144-ROLLOVER MITIGATION CONTROLLER | ||
| 260 |
_aIslamabad _bNUST College of EME _c2015 |
||
| 650 | _aPhD MECHANICAL ENGINEERING PHD | ||
| 700 |
_aSupervison DR WAHEED UL HAQ SYED DR FAHAD MUMTAZ _970285 |
||
| 942 | _cCF | ||
| 999 |
_c577277 _d577277 |
||